000 00555nam a2200193Ia 4500
005 20260114185823.0
008 008 260114s9999 xx 000 0 eng d
020 _a9781474220071
037 _aEBOOK
040 _aCRL
_beng
_cCRL
041 _aeng
_2eng
084 _qCRL
100 _aMarcus Moberg
_9874813
245 0 _aChristian Metal History, Ideology, Scene
260 _bBloomsbury
_c2015
856 _uhttps://doi.org/10.5040/9781474220071?locatt=label:secondary_bloomsburyCollections
942 _cEBOOK
999 _c1473747
_d1473747